000 00576nam a2200169Ia 4500
003 GCL
005 20240530105319.0
008 140319s9999 xx 000 0 ara d
040 _aGCL /
_cGCL
082 0 4 _a811.009
_bا ت
100 1 _aاحسان عباس
245 1 0 _aتاريخ النقد الادبى عندالعرب : نقد الشعر من القرن الثانى حتى القرن الثامن الهجرى /
_cاحسان عباس
260 _a[S.N] :
_bدار الشروق ،
_c1993
300 _a696 ص
650 0 4 _aالشعر العربى
942 _2ddc
_cBK
999 _c54827
_d54827